Cities and Towns in Lancaster County, PA - Statistics

General Stats
  • This quiz has been taken 17 times
  • The average score is 12 of 38
Answer Stats
Answer % Correct
Lancaster
100%
Elizabethtown
69%
Lititz
69%
Blue Ball
62%
Manheim
62%
Ephrata
54%
Millersville
54%
Mount Joy
54%
Quarryville
54%
Intercourse
46%
New Holland
46%
Bird in Hand
38%
Columbia
38%
Leola
38%
Strasburg
38%
Denver
31%
Landisville
31%
Maytown
31%
Adamstown
23%
Brownstown
23%
East Petersburg
23%
Marietta
23%
Mountville
23%
Rheems
23%
Ronks
23%
Willow Street
23%
Christiana
15%
Gap
15%
Lampeter
15%
Salunga
15%
Smoketown
15%
Paradise
8%
Peach Bottom
8%
Pequea
8%
Holtwood
0%
Oyster Point
0%
Reamstown
0%
Washington Boro
0%
No matching quizzes found
Score Distribution
Percent of People with Each Score
Percentile by Number Answered
Your Score History
You have not taken this quiz